000 00308nam a22001337a 4500
003 SGT
020 _a9780140250640
082 _a658.0954,LAL
100 _aLALA,R.M
245 _aTHE JOY OF ACHIEVEMENT: CONVERSATIONS WITH JRD LALA
260 _aNEW DELHI
_bPENGUIN
_c1995
300 _a194
942 _2ddc
_cFCM
999 _c9512
_d9512